| 000 | 01211nam a22002777a 4500 | ||
|---|---|---|---|
| 003 | NALT | ||
| 005 | 20211009210311.0 | ||
| 008 | s2544 th tha d | ||
| 020 | _a9743135707 | ||
| 040 | _aNALT | ||
| 041 | _atha | ||
| 090 | _aว JS7407 ช529พ 2544 | ||
| 100 | 0 | _aชาสันต์ คงเรือง | |
| 245 | 1 | 0 | _aพัฒนาการปกครองส่วนท้องถิ่น: ศึกษาเฉพาะกรณีการยกฐานะสุขาภิบาลเป็นเทศบาลตำบล |
| 260 | 3 |
_aกรุงเทพฯ : _bคณะรัฐศาสตร์ มหาวิทยาลัยรามคำแหง, _c2544 |
|
| 300 |
_a164 หน้า : _b แผนภูมิ ; _c 30 ซม. |
||
| 650 | 0 | 4 | _aModernization |
| 650 | 0 | 4 | _aการกระจายอำนาจ |
| 650 | 0 | 4 | _aการปกครองส่วนท้องถิ่น -- วิจัย |
| 650 | 0 | 4 | _aการพัฒนาทางการเมือง |
| 650 | 0 | 4 | _aสุขาภิบาล -- วิจัย |
| 650 | 0 | 4 | _aเทศบาล |
| 850 | _aNALT | ||
| 942 |
_cRSH _2lcc |
||
| 998 |
_bSAIPHON _j109 _k อารีรัตน์ วิชาช่าง |
||
| 999 |
_c31399 _d31399 |
||